Memoirs of Napoleon Bonaparte — Volume 05 (Record no. 232884)
[ view plain ]
| 000 -LEADER | |
|---|---|
| fixed length control field | 01068cam a22002893a 4500 |
| 001 - CONTROL NUMBER | |
| control field | 3555 |
| 003 - CONTROL NUMBER IDENTIFIER | |
| control field | PGUSA |
| 005 - DATE AND TIME OF LATEST TRANSACTION | |
| control field | 20140828083034.0 |
| 008 - FIXED-LENGTH DATA ELEMENTS--GENERAL INFORMATION | |
| fixed length control field | 021201s2002||||xxu|||||s|||||000 | eng d |
| 040 ## - CATALOGING SOURCE | |
| Original cataloging agency | PGUSA |
| Language of cataloging | eng |
| 042 ## - AUTHENTICATION CODE | |
| Authentication code | dc |
| 050 #4 - LIBRARY OF CONGRESS CALL NUMBER | |
| Classification number | DC |
| 100 1# - MAIN ENTRY--PERSONAL NAME | |
| Personal name | Bourrienne, Louis Antoine Fauvelet de, |
| Dates associated with a name | 1769-1834 |
| 245 10 - TITLE STATEMENT | |
| Title | Memoirs of Napoleon Bonaparte — Volume 05 |
| Medium | [electronic resource] / |
| Statement of responsibility, etc | Louis Antoine Fauvelet de Bourrienne |
| 260 ## - PUBLICATION, DISTRIBUTION, ETC. (IMPRINT) | |
| Name of publisher, distributor, etc | Project Gutenberg, |
| Date of publication, distribution, etc | 2002 |
| 506 ## - RESTRICTIONS ON ACCESS NOTE | |
| Terms governing access | Public domain in the USA. |
| 516 ## - TYPE OF COMPUTER FILE OR DATA NOTE | |
| Type of computer file or data note | Electronic text |
| 653 ## - INDEX TERM--UNCONTROLLED | |
| Uncontrolled term | Napoleon I, Emperor of the French, 1769-1821 -- Relations with private secretaries |
| 653 ## - INDEX TERM--UNCONTROLLED | |
| Uncontrolled term | Private secretaries -- France -- Biography |
| 653 ## - INDEX TERM--UNCONTROLLED | |
| Uncontrolled term | Bourrienne, Louis Antoine Fauvelet de, 1769-1834 |
| 653 ## - INDEX TERM--UNCONTROLLED | |
| Uncontrolled term | Napoleon I, Emperor of the French, 1769-1821 -- Contemporaries |
| 653 ## - INDEX TERM--UNCONTROLLED | |
| Uncontrolled term | Napoleon I, Emperor of the French, 1769-1821 |
| 700 1# - ADDED ENTRY--PERSONAL NAME | |
| Personal name | Phipps, Ramsay Weston, |
| Dates associated with a name | 1838-1923 |
| 830 #0 - SERIES ADDED ENTRY--UNIFORM TITLE | |
| Uniform title | Project Gutenberg |
| Volume number/sequential designation | 3555 |
| 856 40 - ELECTRONIC LOCATION AND ACCESS | |
| Uniform Resource Identifier | <a href="http://www.gutenberg.org/ebooks/3555">http://www.gutenberg.org/ebooks/3555</a> |
| 942 ## - ADDED ENTRY ELEMENTS (KOHA) | |
| Koha item type | eBooks |
| Withdrawn status | Lost status | Damaged status | Home library | Current library | Date acquired | Total Checkouts | Date last seen | Price effective from | Koha item type |
|---|---|---|---|---|---|---|---|---|---|
| Project Gutenberg | Project Gutenberg | 08/28/2014 | 08/28/2014 | 08/28/2014 | eBooks |